| 000 | 00594nam a22002177a 4500 | ||
|---|---|---|---|
| 003 | LK-CoMWRAF | ||
| 005 | 20231020113352.0 | ||
| 008 | 231020b2000 |||||||| |||| 00| 0 eng d | ||
| 020 | _a1861263104 | ||
| 040 |
_aLK-CoMWRAF _dLK-CoMWRAF _eLK-CoMWRAF |
||
| 041 | _aeng | ||
| 082 |
_a746.412 _bCRO |
||
| 100 | _aCrook, Georgia | ||
| 245 | _aBasketmaking | ||
| 260 |
_aMarlborough: _bCrowood press, _c2000 |
||
| 300 |
_a128 p. : ill. (chiefly col.) ; 27 cm. _bBibliography and index included |
||
| 490 | _aThe art of crafts | ||
| 650 | _aBASKETRY | ||
| 650 | _aBASKET MAKING | ||
| 942 | _cBK | ||
| 999 |
_c3959 _d3959 |
||